Statistics for Countries in Sao Tome

Click here to take the quiz!

General Stats

  • This quiz has been taken 44 times
  • The average score is 39 of 41

Answer Stats

HintAnswer% Correct
EEcuador/ Egypt/ El Salvador/ Equatorial Guinea/ Eritrea/ Estonia/ Eswatini/ Ethiopia/East Timor
97%
EEcuador/ Egypt/ El Salvador/ Equatorial Guinea/ Eritrea/ Estonia/ Eswatini/ Ethiopia/East Timor
97%
EEcuador/ Egypt/ El Salvador/ Equatorial Guinea/ Eritrea/ Estonia/ Eswatini/ Ethiopia/East Timor
97%
EEcuador/ Egypt/ El Salvador/ Equatorial Guinea/ Eritrea/ Estonia/ Eswatini/ Ethiopia/East Timor
97%
EEcuador/ Egypt/ El Salvador/ Equatorial Guinea/ Eritrea/ Estonia/ Eswatini/ Ethiopia/East Timor
97%
OOman
97%
OOman
97%
OOman
97%
OOman
97%
TTaiwan/ Tajikistan/ Tanzania/ Thailand/ Timor Leste/ Togo/ Tonga/ Trinidad/ Tunisia/ Turkey/ Turkmenistan/ Tuvalu
97%
TTaiwan/ Tajikistan/ Tanzania/ Thailand/ Timor Leste/ Togo/ Tonga/ Trinidad/ Tunisia/ Turkey/ Turkmenistan/ Tuvalu
97%
TTaiwan/ Tajikistan/ Tanzania/ Thailand/ Timor Leste/ Togo/ Tonga/ Trinidad/ Tunisia/ Turkey/ Turkmenistan/ Tuvalu
97%
AAfghanistan/ Albania/ Algeria/ Andorra/ Angola/ Antigua and Barbuda/ Argentina/ Armenia/ Australia/ Austria/ Azerbaijan
94%
AAfghanistan/ Albania/ Algeria/ Andorra/ Angola/ Antigua and Barbuda/ Argentina/ Armenia/ Australia/ Austria/ Azerbaijan
94%
AAfghanistan/ Albania/ Algeria/ Andorra/ Angola/ Antigua and Barbuda/ Argentina/ Armenia/ Australia/ Austria/ Azerbaijan
94%
BBahamas /Bahrain /Bangladesh /Barbados /Belarus /Belgium /Belize/ Benin /Bhutan /Bolivia /Bosnia/Botswana /Brazil/ Brunei/ Bulgaria /Burkina Faso /Burundi
94%
CCape Verde/ Cambodia/ Cameroon/ Canada /Central African Republic/ CAR/ Chad/ Chile/ China/ Colombia/ Comoros/ Congo/Democratic Republic of the Congo/ Costa Rica/ Cote d'Ivoire/ Croatia/ Cuba/ Cyprus/ Czechia
94%
CCape Verde/ Cambodia/ Cameroon/ Canada/ Central African Republic/ CAR/ Chad/ Chile/ China/ Colombia/ Comoros/ Congo/Democratic Republic of the Congo/ Costa Rica/ Cote d'Ivoire/ Croatia/ Cuba/ Cyprus/ Czechia
94%
CCape Verde/ Cambodia/ Cameroon/ Canada /Central African Republic/ CAR/ Chad/ Chile/ China/ Colombia/ Comoros/ Congo/Democratic Republic of the Congo/ Costa Rica/ Cote d'Ivoire/ Croatia/ Cuba/ Cyprus/ Czechia
94%
CCape Verde/ Cambodia/ Cameroon/ Canada /Central African Republic/ CAR/ Chad/ Chile/ China/ Colombia/ Comoros/ Congo/Democratic Republic of the Congo/ Costa Rica/ Cote d'Ivoire/ Croatia/ Cuba/ Cyprus/ Czechia
94%
DDenmark/ Djibouti/ Dominica/ Dominican Republic
94%
DDenmark/ Djibouti/ Dominica/ Dominican Republic
94%
IIceland/ India/ Indonesia/ Iran/ Iraq/ Ireland/ Israel/ Italy
94%
IIceland/ India/ Indonesia/ Iran/ Iraq/ Ireland/ Israel/ Italy
94%
IIceland/ India/ Indonesia/ Iran/ Iraq/ Ireland/ Israel/ Italy
94%
IIceland/ India/ Indonesia/ Iran/ Iraq/ Ireland/ Israel/ Italy
94%
MMadagascar /Malawi /Malaysia /Maldives /Mali /Malta /Marshall Islands /Mauritania /Mauritius/ Mexico /Micronesia /Moldova /Monaco/ Mongolia /Montenegro /Morocco/ Mozambique/ Myanmar
94%
MMadagascar /Malawi /Malaysia /Maldives /Mali /Malta /Marshall Islands /Mauritania /Mauritius/ Mexico /Micronesia /Moldova /Monaco/ Mongolia /Montenegro /Morocco/ Mozambique/ Myanmar
94%
PPakistan/ Palau /Palestine/ Panama/ Papua New Guinea /Paraguay /Peru /Philippines /Poland/ Portugal
94%
PPakistan/ Palau /Palestine/ Panama/ Papua New Guinea /Paraguay /Peru /Philippines /Poland/ Portugal
94%
PPakistan/ Palau /Palestine/ Panama/ Papua New Guinea /Paraguay /Peru /Philippines /Poland/ Portugal
94%
UUganda/ Ukraine/ United Arab Emirates/UAE/ United Kingdom/UK/ United States of America/ USA/Uruguay/ Uzbekistan
94%
FFiji/ Finland/ France
91%
HHaiti/ Honduras/ Hungary
91%
RRomania/ Russia/ Rwanda
91%
RRomania/ Russia/ Rwanda
91%
RRomania/ Russia/ Rwanda
91%
LLaos /Latvia /Lebanon /Lesotho/ Liberia/ Libya /Liechtenstein/ Lithuania /Luxembourg
88%
NNamibia/ Nauru/ Nepal/ Netherlands/ New Zealand/ Nicaragua/ Niger/ Nigeria/ North Korea/ North Macedonia/ Norway
88%
NNamibia /Nauru/ Nepal/ Netherlands/ New Zealand/ Nicaragua/ Niger/ Nigeria/ North Korea/ North Macedonia/ Norway
88%
SSaint Kitts/ Saint Lucia/ Saint Vincent/ Samoa /San Marino /Sao Tome / Saudi Arabia /Senegal/ Serbia/ Seychelles/ Sierra Leone/ Singapore/ Slovakia/ Slovenia/ Solomon Islands/ Somalia /South Africa/ South Korea/ South Sudan/ Spain/ Sri Lanka/ Sudan/ Suriname/ Sweden/ Switzerland/ Syria
82%

Score Distribution

Percentile by Number Answered

Percent of People with Each Score

Your Score History

You have not taken this quiz